Filósofos - Citações - Statistics

Estatísticas Gerais
  • Esse quiz foi jogado 357 vezes
  • A pontuação média é 7 de 20
Estatísticas das Respostas
Hint Resposta % Correto
"Só sei que nada sei." (O verdadeiro conhecimento) Sócrates
96%
Penso, logo existo. René Descartes
80%
Nós somos o que fazemos repetidamente. A excelência, portanto, não é um ato, mas um hábito. Aristóteles
67%
A religião é o ópio do povo. Karl Marx
59%
Deus está morto. Ele permanece morto. E nós o matamos. Friedrich Nietzsche
58%
O homem está condenado a ser livre. Jean-Paul Sartre
44%
Deve-se ser temido e amado, mas como é difícil para os dois andarem juntos, é muito mais seguro ser temido do que amado. Nicolau Maquiavel
44%
Não há dúvida que todo nosso conhecimento começa na experiência. Immanuel Kant
36%
O que lhe preocupa tem controle sobre você. John Locke
32%
Ore como se tudo dependesse de Deus. Trabalhe como se tudo dependesse de você. Santo Agostinho
32%
A vida do homem não é de maior importância ao universo do que a de uma ostra. David Hume
22%
A morte não é nada para nós, pois, enquanto existimos, não existe a morte, e quando existe a morte, não existimos mais. Epicuro
15%
Todo sistema de educação é uma maneira política de manter ou de modificar a apropriação dos discursos, com os saberes e os poderes que eles trazem consigo. Michel Foucault
15%
Não rir, nem lamentar-se, nem odiar, mas compreender as ações humanas. Baruch Spinoza
12%
A vida é muito simples, mas insistimos em complicar. Confúcio
12%
É fundamental diminuir a distância entre o que se diz e o que se faz, de tal maneira que num dado momento a sua fala seja a sua prática. Paulo Freire
10%
Querer ser livre é também querer livres os outros. Simone de Beauvoir
9%
Poder e violência são opostos; onde um domina absolutamente, o outro está ausente. Hannah Arendt
7%
Levantamos uma poeira e agora reclamamos que não podemos ver. George Berkeley
3%
Até uma jornada de mil milhas começa com um único passo. Laozi (Lao-Tsé)
2%
Nenhum quiz correspondente encontrado
Distribuição das Pontuações
Porcentagem de Pessoas com Cada Pontuação
Percentil de Números Respondidos
Sua Pontuação Histórica
Você não jogou esse quiz